| 000 | 00977nam a2200253Ia 4500 | ||
|---|---|---|---|
| 001 | 15748 | ||
| 003 | GE_BSU | ||
| 008 | 181216s||||||||xx |||||||||||||| ||und|| | ||
| 020 | _a9789941077494 | ||
| 040 | _cGE_BSU | ||
| 080 | _a94(480) | ||
| 100 | _aმეინანდერი,ჰერნიკ | ||
| 245 | _aფინეთის ისტორია | ||
| 245 | _bმიმართულებები, სტრუქტურები, გარდატეხები | ||
| 245 | _cშვედ. თარგმნა დიმიტრი გოგოლაშვილმა ; დიზაინერი სალომე რამიშვილი. | ||
| 250 | _aI გამოცემა | ||
| 260 | _aთბილისი. | ||
| 260 | _bMerebashvilitykesson | ||
| 260 | _c2015 | ||
| 300 | _a293გვ;20სმ | ||
| 300 | _bბიბლიოგრ.: გვ. 287-293. | ||
| 653 | _aფინეთის ისტორია | ||
| 942 | _cBK | ||
| 999 |
_c48846 _d48846 |
||